LIBRARY & INFORMATION CENTRE, KCAET, TAVANUR

ONLINE PUBLIC ACCESS CATALOGUE (OPAC)

General college chemistry / (Record no. 10732)

MARC details
000 -LEADER
fixed length control field 00470cam a2200181ua 4500
041 ## - LANGUAGE CODE
Language code of text/sound track or separate title eng
082 ## - DEWEY DECIMAL CLASSIFICATION NUMBER
Classification number 540
Item number WOO/GE
100 ## - MAIN ENTRY--AUTHOR NAME
Personal name Wood, Jessy Hermon .
245 ## - TITLE STATEMENT
Title General college chemistry /
260 ## - PUBLICATION, DISTRIBUTION, ETC. (IMPRINT)
Place of publication Calcutta :
Name of publisher Oxford University Press ,
Year of publication 1957.
300 ## - PHYSICAL DESCRIPTION
Number of Pages 689 ; .
700 1# - ADDED ENTRY--PERSONAL NAME
Personal name Keenan, Charles Williams.
942 ## - ADDED ENTRY ELEMENTS (KOHA)
Koha item type Books
Holdings
Withdrawn status Lost status Damaged status Home library Current library Date acquired Full call number Accession Number Koha item type Public note
Withdrawn     KAUAET KAUAET 07/04/2012 540 4774 Books Deleted
free website counter